Most mentioned in Sagan om Isfolket Quiz Stats

 Plays Quiz not verified by Sporcle

Support Sporcle.
Go Orange.
Score 0/199 Timer 20:00
2 Plays Today
Times mentioned Character % Correct
1853Sol Angelica av Isfolket
97.8%
2556Tengel den onde (Tan-ghil)
97.6%
1759Tengel den gode av Isfolket
97.6%
1789Silje Arngrimsdotter
96.7%
357Mar
95.8%
2376Villemo Kalebsdotter Elistrand av Isfolket
95%
840Liv Hanna av Isfolket
94.8%
3645Heike Lind av Isfolket
94.7%
645Dag Christian Meiden
93.3%
504Kol Simon
92.6%
2193Marco av Isfolket
91.2%
213Sunniva d. y. av Isfolket
91.2%
551Kolgrim Meiden av Isfolket
91.1%
1616Dominic Lind av Isfolket
90.9%
184Eli
90.6%
347Hanna av Isfolket
90.3%
1026Ulvhedin Paladin av Isfolket
90%
1240Gabriel Gard av Isfolket
89.7%
795Saga Simon av Isfolket
89.6%
404Are av Isfolket
89.5%
2766Nataniel Gard av Isfolket
89.2%
190Trond Lind av Isfolket
89.2%
1452Tula Backe av Isfolket
88.7%
982Mattias Meiden av Isfolket
88.6%
798Ingrid Lind av Isfolket
88.6%
766Sölve Lind av Isfolket
88.5%
823Shira
88.2%
1530Vinga Tark av Isfolket
88.1%
1196Cecilie Meiden av Isfolket
88.1%
770Alexander Paladin
88%
755Tarjei Lind av Isfolket
88%
312Elisa Larsdotter
87.8%
459Dan Lind av Isfolket
87.6%
627Niklas Lind av Isfolket
87.5%
582Ulvar av Isfolket
87.5%
649Lucifer (Marcel)
87.4%
286Brand Lind av Isfolket
87.2%
221Benedikt Målare
86.5%
448Gunilla Grip av Isfolket (Anna Maria)
86.3%
1766Tova Brink av Isfolket
86.2%
474Tristan Paladin av Isfolket
86.1%
574Daniel Ingridsson Lind av Isfolket
85.6%
227Mari Volden av Isfolket
85.6%
712Kaleb
85.6%
385Charlotte Meiden
85.5%
209Irmelin Meiden av Isfolket
85.2%
830Mikael Lind av Isfolket
85.1%
602Tancred Paladin av Isfolket
84.9%
548Gabriella Paladin av Isfolket
84.7%
400Tarald Meiden av Isfolket
84.7%
687André Brink av Isfolket
84.6%
778Elisabet Paladin av Isfolket
83.7%
962Christa Lind av Isfolket
83.5%
468Tamlin
83.3%
86Grimar av Isfolket
83.2%
562Yrja Mattiasdotter
83.1%
758Vanja Lind av Isfolket
83%
1237Ellen Skogsrud av Isfolket
83%
809Anna Maria Olsdotter av Isfolket
83%
661Henning Lind av Isfolket
82.7%
787Vendel Grip av Isfolket
82.2%
1122Benedikte Lind av Isfolket
81.6%
678Viljar Lind av Isfolket
81.5%
446Hilde Joelsdotter
81.3%
501Christer Tomasson av Isfolket
81%
165Christer Grip av Isfolket
81%
189Meta
80.9%
Times mentioned Character % Correct
700Eskil Lind av Isfolket
80.6%
369Mali Knudsen av Isfolket
80.2%
390Andreas Lind av Isfolket
79.6%
361Arv Grip av Isfolket
79.4%
144Alv Lind av Isfolket
79.4%
508Linde-Lou av Isfolket
79.2%
529Targenor av Isfolket (Vandraren i mörkret)
78.9%
423Vemund Tark
78.5%
401Jessica Cross
77.9%
726Vetle Volden av Isfolket
77.3%
845Belinda Lie
77.2%
208Tomas
77.1%
355Anette de Saint-Colombe
77.1%
452Malin Christersdotter av Isfolket
76.6%
78Lene Paladin av Isfolket
76.6%
408Marit i Svelten
76.5%
828Rune
76.5%
283Dida av Isfolket
76.3%
84Christian IV
76.3%
573Christoffer Volden av Isfolket
76.2%
415Abel Gard
75.3%
559Rikard Brink av Isfolket
75.1%
639Sander Brink
74.9%
1262Gud
74.9%
71Ingela Lind av Isfolket
74.8%
504Halkatla av Isfolket
74.4%
77Cornelia av Erbach till Breuberg
74%
157Heming Fogdedråparen
73.9%
403Karin Ulriksby
73.6%
88Knut (Mattias vän)
73.6%
550Jonathan Volden av Isfolket
72.6%
299Erland i Backa
72.1%
180Tiili av Isfolket
71.8%
78Erling Skogsrud av Isfolket
71.8%
130Petra Olsdatter av Isfolket
70.9%
430Peter (Heikes vän)
70.5%
471Eldar Svartskogen
70.4%
298Satan
70.4%
253Solveig
70.4%
105Sinsiew
70.1%
138Per Volden
69.9%
182Hanne
69.6%
118Gro Volden av Isfolket
69.5%
422Vinnie Dahlen
69.1%
326Magdalena Backman
68.7%
89Den förste Jolin
68.2%
141Jolin Madssønn
68.1%
74Herr Jolin
68.1%
680Ian Morahan
67.5%
346Karine Volden av Isfolket
67.4%
75Christiana Stege av Isfolket
67.3%
211Tun-sij
66.7%
350Irovar
66.5%
164Klaus
66.3%
152Joakim Gard
66.1%
367Snivel
65.9%
123Lilith
65.4%
119Kajsa från Vargaby
65.4%
222Shama
65.2%
143Agnete
64.6%
183Jesper
64.5%
502Fritz Haarmann (Lynx)
64.5%
94Jesus Kristus
64.4%
107Mira (Heikes vän)
64.2%
156Arnold 'Lillebror' Tark
64%
76Eldrid av Isfolket
64%
235Anciol
63.7%
Times mentioned Character % Correct
190Hildegard av Riesenstein
63.7%
187Elena (Heikes fostermor)
63.3%
268Marina av Riesenstein
62.7%
185Advokat Sørensen
61.9%
161Karl i Knapahult
61.9%
79Doktor Sørensen
61.9%
346Terje Jolinsønn
61.4%
114Milan (Heikes fosterfar)
61.3%
230Signe Lie
60.9%
112Marca Christiana
60.8%
100Herr Johan
60.5%
166Kamma Dahlen
60.4%
140Ebba i Knapahult
59.9%
128Jacob Skille
59.8%
68Nils (vän till Heike och Vinga)
59.3%
204Molin
59.1%
191Lise-Merete Gustavsen
59.1%
290Frank Monsen
58.7%
172Molly Hansedotter
58.7%
110Jöns (Dominics och Villemos följeslagare)
58.3%
278Nette Mikalsrud
58.2%
176Sarmik
58%
101Sascha (hund)
57.9%
91Arnold 'Bubi' Tark
57.7%
139Emilie Tark
57.6%
91Shane (hund)
57.6%
112Pastor Prunck
56%
69Doña Esmeralda de Braganza y Valencia y Vimioso
56%
89Herr Martinius
55.9%
200Paul von Lengenfeldt
55.8%
100Feodora
55.8%
210Adrian Brandt
55.5%
234Sveg (länsman)
55.3%
83Eirik
55.2%
130Agnes Johansen
55.1%
68Martha
54.7%
213Herbert Abrahamsen
54.6%
72Lovise Abrahamsen (Belindas systerdotter)
54.6%
76Vassar
54.4%
100Corfitz Beck
54.3%
90Renate Wiesen
54.2%
157Adele Wide
54%
65Inger-Lise (i Eldafjord)
54%
74Corfitz Ulfeld
53.8%
71Egon (i Ytterheden)
53.8%
82Ursula Horn
53.7%
125Nilsson
53.6%
141Klara Andersdotter
53.5%
68Julie (herr Martinius fru)
53.4%
79Skaktavl
53.3%
76Olsen (polisbetjänt)
53.2%
72Ingeborg (Christas vän)
53.1%
136Tilda Abrahamsen
52.8%
108Erik Berg
52.7%
87Larsen
52.5%
73Leonora Christine
52.3%
93Laurents Berenius
52.3%
66Mandrup Svendsen
52.3%
128Diderik Swerd
51.5%
75Livor
51.4%
71Setsuko
51.2%
94Zeno
51%
143Yves
49.8%
126Fridtjof Menger
49.3%
89Winsnes
48.2%

You're not logged in!

Compare scores with friends on all Sporcle quizzes.
OR
Log In

From the Vault

Flag Cakes

by kfastic

Take a bite out of Canada to celebrate Sporcle's 14th birthday!
Remove Ads.
Support Sporcle.
Get the best of Sporcle when you Go Orange. This ad-free experience offers more features, more stats, and more fun while also helping to support Sporcle. Thank you for becoming a member.

Show Comments

Extras

Created Jun 21, 2014ReportNominate
Tags:Character

Top Quizzes Today


Score Distribution

Your Account Isn't Verified!

In order to create a playlist on Sporcle, you need to verify the email address you used during registration. Go to your Sporcle Settings to finish the process.

Report this User

Report this user for behavior that violates our Community Guidelines.

Details: